000
00227 a2200085 4500
020
_a
9780195624342
100
_a
Giles Henry Rupert Tillotson
245
_a
The Tradition of Indian Architecture
260
_b
Yale University Press
_c
1989
999
_c
11256
_d
11256